[Event "Oceania zt (Women)"]
[Site "Tumon"]
[Date "2019.02.23"]
[Round "9"]
[White "Punsalan, Vyanla M"]
[Black "Whipps, Kayah Iblai Flores"]
[Result "1-0"]
[WhiteElo "1951"]
[BlackElo "1083"]
[PlyCount "41"]
[EventDate "2019.02.18"]
[EventType "tourn"]
[EventRounds "9"]
[EventCountry "GMA"]
[SourceTitle "EXT 2020"]
[Source "ChessBase"]
[SourceDate "2019.10.17"]
[SourceVersion "1"]
[SourceVersionDate "2019.10.17"]
[SourceQuality "1"]

1. e4 e5 2. Nf3 d6 3. d4 Bg4 4. dxe5 Bxf3 5. Qxf3 Nc6 6. Bb5 dxe5 7. 0-0 Qf6 8. Qg3 0-0-0 9. Bg5 Qd6 10. Bxd8 Nxd8 11. Nc3 Be7 12. Rad1 Qg6 13. Qh3+ Qe6 14. Bd7+ Kb8 15. Bxe6 fxe6 16. Rxd8+ Bxd8 17. Rd1 Nf6 18. Qxe6 Nd7 19. Qxd7 Rf8 20. Qxd8+ Rxd8 21. Rxd8# 1-0